Japanese maples : (Record no. 1567)

000 -LEADER
fixed length control field 01475nam a22004097a 4500
001 - CONTROL NUMBER
control field 12136883
003 - CONTROL NUMBER IDENTIFIER
control field OSt
005 - DATE AND TIME OF LATEST TRANSACTION
control field 20210423062452.0
008 - FIXED-LENGTH DATA ELEMENTS--GENERAL INFORMATION
fixed length control field 000809s2001 orua b 001 0 eng
010 ## - LIBRARY OF CONGRESS CONTROL NUMBER
LC control number 00062898
020 ## - INTERNATIONAL STANDARD BOOK NUMBER
International Standard Book Number 0881925012
040 ## - CATALOGING SOURCE
Original cataloging agency DLC
Transcribing agency DLC
Modifying agency DLC
Language of cataloging eng
041 ## - LANGUAGE CODE
Language code of text/sound track or separate title eng
042 ## - AUTHENTICATION CODE
Authentication code pcc
043 ## - GEOGRAPHIC AREA CODE
Geographic area code a-ja---
050 00 - LIBRARY OF CONGRESS CALL NUMBER
Classification number SB413.J34
Item number V47 2001
080 ## - UNIVERSAL DECIMAL CLASSIFICATION NUMBER
Universal Decimal Classification number 58
Item number V-51
082 00 - DEWEY DECIMAL CLASSIFICATION NUMBER
Classification number 635.9/77378
Edition number 21
100 1# - MAIN ENTRY--PERSONAL NAME
Personal name Vertrees, J. D.
245 10 - TITLE STATEMENT
Title Japanese maples :
Remainder of title momiji and kaede /
Statement of responsibility, etc. / by: Timber Press
250 ## - EDITION STATEMENT
Edition statement 3rd edition revised and expanded /
Remainder of edition statement by Peter Gregory
260 ## - PUBLICATION, DISTRIBUTION, ETC.
Place of publication, distribution, etc. Portland, Or. :
Name of publisher, distributor, etc. Timber Press
Date of publication, distribution, etc. 2001.
300 ## - PHYSICAL DESCRIPTION
Extent 332 p.
Other physical details col. ill.
Dimensions 29 cm.
365 ## - TRADE PRICE
Price amount 49.95 usd
504 ## - BIBLIOGRAPHY, ETC. NOTE
Bibliography, etc. note Includes bibliographical references (p. 308-311) and indexes.
650 #0 - SUBJECT ADDED ENTRY--TOPICAL TERM
Topical term or geographic name entry element Japanese maple.
650 #0 - SUBJECT ADDED ENTRY--TOPICAL TERM
Topical term or geographic name entry element Botanics
9 (RLIN) 727
650 #0 - SUBJECT ADDED ENTRY--TOPICAL TERM
Topical term or geographic name entry element Fullmoon maple.
650 #0 - SUBJECT ADDED ENTRY--TOPICAL TERM
Topical term or geographic name entry element Maple
Geographic subdivision Japan.
653 ## - INDEX TERM--UNCONTROLLED
Uncontrolled term ბოტანიკა
700 1# - ADDED ENTRY--PERSONAL NAME
Personal name Gregory, Peter,
Dates associated with a name 1929-
856 42 - ELECTRONIC LOCATION AND ACCESS
Materials specified Publisher description
Uniform Resource Identifier <a href="http://www.loc.gov/catdir/enhancements/fy0650/00062898-d.html">http://www.loc.gov/catdir/enhancements/fy0650/00062898-d.html</a>
856 42 - ELECTRONIC LOCATION AND ACCESS
Materials specified Book review (E-STREAMS)
Uniform Resource Identifier <a href="http://www.e-streams.com/es0412/es0412_1642.htm">http://www.e-streams.com/es0412/es0412_1642.htm</a>
906 ## - LOCAL DATA ELEMENT F, LDF (RLIN)
a 7
b cbc
c orignew
d 1
e ocip
f 20
g y-gencatlg
942 ## - ADDED ENTRY ELEMENTS (KOHA)
Source of classification or shelving scheme
Koha item type Books
Edition 3
Holdings
Withdrawn status Lost status Source of classification or shelving scheme Damaged status Not for loan Permanent location Current location Date acquired Inventory number Total Checkouts Full call number Barcode Date last seen Price effective from Koha item type
          Ken Walker International University Ken Walker International University 02/19/2021 1475   58 V-51 1475 02/19/2021 02/19/2021 Books

Powered by Koha